000
00290nam a22001337a 4500
008
170328b xxu||||| |||| 00| 0 eng d
020
_a
0835930882
041
_a
eng
080
_a
615.83
100
_a
8
101
_a
shm
245
_a
THERAPEUTIC EXERCISE
_c
SULLIVAN.P.E
942
_2
udc
_c
BK
999
_c
8781
_d
8781